Konverze: obrysy "ekonomického odzbrojení".

Odbytová kríza ťažkých obrnených vozidiel sa prejavila už v r. 1986. Došlo sa k záveru, že ďalší program výroby musí byť založený na civilných výrobných odboroch. Zložitosť úlohy vypracovania konverzných programov v súčasnosti. Nevyhnutnosť pomoci zahraničných konzultantov a kapitálu. Nesprávnosť pr...

Full description

Saved in:
Bibliographic Details
Main Author: Fučík, Josef
Format: Book Chapter
Language:Czech
Subjects:
Tags: Add Tag
No Tags, Be the first to tag this record!

MARC

LEADER 00000naa a2200000 4500
001 r003525
005 20221125080051.5
041 0 |a cze 
044 |a [CS] 
245 1 0 |a Konverze: obrysy "ekonomického odzbrojení".  |c J. Fučík 
520 |a Odbytová kríza ťažkých obrnených vozidiel sa prejavila už v r. 1986. Došlo sa k záveru, že ďalší program výroby musí byť založený na civilných výrobných odboroch. Zložitosť úlohy vypracovania konverzných programov v súčasnosti. Nevyhnutnosť pomoci zahraničných konzultantov a kapitálu. Nesprávnosť predstavy, že čs. zbrojný priemysel vyrába len zastaranú techniku. Určenie ekonomicky prínosných zbrojárskych odborov. Náčrt postupu konverzie. 
610 2 0 |a zbrojenie 
610 2 0 |a odbyt 
610 2 0 |a ČSFR 
610 2 0 |a výroba 
610 2 0 |a konverzia priemyslu 
100 1 |a Fučík, Josef